[Event "BW 2018 Senioren"]
[Site "Bad Woerishofen"]
[Date "2018.02.25"]
[Round "4.31"]
[White "Teubner, Wolfgang"]
[Black "Braun, Erhard"]
[Result "1-0"]
[WhiteElo "1791"]
[BlackElo "1932"]
[Annotator "chessorg"]
[PlyCount "67"]
[EventDate "2018.??.??"]
[WhiteTeam "SF Blaustein"]
[BlackTeam "Sc Reise Heusweiler"]

1. c4 g6 2. Nf3 Bg7 3. Nc3 Nf6 4. d4 c5 5. g3 cxd4 6. Nxd4 Nc6 7. Nxc6 bxc6 8.
Bg2 Rb8 9. O-O O-O 10. Qc2 d5 11. cxd5 cxd5 12. Bf4 Ra8 13. Rad1 e6 14. e4 Bb7
15. Qb3 Ba6 16. Rfe1 Nh5 17. exd5 Nxf4 18. dxe6 Qf6 19. Bxa8 Rxa8 20. exf7+ Kh8
21. gxf4 Rf8 22. Re8 Qxf4 23. Rxf8+ Bxf8 24. Qd5 Qg4+ 25. Kh1 Kg7 26. Qd4+ Qxd4
27. Rxd4 Kxf7 28. Rd7+ Ke6 29. Rxa7 Bc4 30. Kg2 h5 31. b3 Bd3 32. f3 Bc5 33.
Ra8 Kf5 34. Ra5 1-0

[Event "BW 2018 Senioren"]
[Site "Bad Woerishofen"]
[Date "2018.02.25"]
[Round "4.35"]
[White "Di Lazzaro, Gabriele"]
[Black "Fuchs, Joachim"]
[Result "1/2-1/2"]
[WhiteElo "1899"]
[BlackElo "1767"]
[Annotator "chessorg"]
[PlyCount "46"]
[EventDate "2018.??.??"]
[BlackTeam "SC Starnberg"]

1. d4 d5 2. Nc3 c6 3. e4 Nf6 4. e5 Nfd7 5. Nf3 e6 6. Ne2 Be7 7. Ng3 c5 8. c3
Qb6 9. b3 Nc6 10. a3 cxd4 11. cxd4 f6 12. exf6 Nxf6 13. Bd3 Bd7 14. Bc2 O-O 15.
O-O Bd6 16. Re1 Qc7 17. Bb2 Rae8 18. Rc1 Bf4 19. Rb1 e5 20. dxe5 Nxe5 21. Nxe5
Bxe5 22. Bxe5 Rxe5 23. Rxe5 Qxe5 1/2-1/2

[Event "BW 2018 Senioren"]
[Site "Bad Woerishofen"]
[Date "2018.02.25"]
[Round "4.36"]
[White "Zerweck, Christoph"]
[Black "Kumeth, Hartmut"]
[Result "1-0"]
[WhiteElo "1897"]
[BlackElo "1757"]
[Annotator "chessorg"]
[PlyCount "67"]
[EventDate "2018.??.??"]
[WhiteTeam "SV Herrenberg e.V."]
[BlackTeam "SK Union Oldenburg"]

1. e4 e5 2. Nc3 d6 3. f4 Nc6 4. Bb5 Bd7 5. Nf3 a6 6. Bxc6 Bxc6 7. fxe5 dxe5 8.
Nxe5 Bd6 9. Nf3 Qe7 10. d3 O-O-O 11. O-O f6 12. Be3 g5 13. g3 h5 14. Nd4 Bc5
15. Nf5 Bxe3+ 16. Nxe3 Qc5 17. Qf3 Bd7 18. Qf2 Nh6 19. Ned5 Qxf2+ 20. Rxf2 Ng4
21. Re2 Rhf8 22. Rf1 Be6 23. Kg2 Kd7 24. h3 c6 25. Ne3 Nxe3+ 26. Rxe3 g4 27. h4
b5 28. b3 Ke7 29. Re2 Rf7 30. Ref2 Rd4 31. Ne2 Rd6 32. Nf4 f5 33. Nxe6 Kxe6 34.
Rxf5 1-0

[Event "Schachfestival 2018 Open"]
[Site "Bad Woerishofen"]
[Date "2018.02.25"]
[Round "4.36"]
[White "Thesing, Ansgar"]
[Black "Schroeder, Volker"]
[Result "1/2-1/2"]
[WhiteElo "1937"]
[BlackElo "2107"]
[Annotator "chessorg"]
[PlyCount "42"]
[EventDate "2018.??.??"]
[WhiteTeam "S.C. Kreuzberg e.V."]
[BlackTeam "SK Weinheim 1911 e.V."]

1. e4 c5 2. Nc3 Nc6 3. g3 g6 4. Bg2 Bg7 5. d3 d6 6. Be3 e5 7. Qd2 Nd4 8. Nd1
Ne7 9. c3 Ne6 10. Bh6 O-O 11. Bxg7 Kxg7 12. Ne3 f5 13. exf5 gxf5 14. f4 exf4
15. Nd5 Nxd5 16. Bxd5 Qg5 17. Nh3 Qh6 18. Nxf4 Nxf4 19. Qxf4 Re8+ 20. Kd2 Qxf4+
21. gxf4 Be6 1/2-1/2

[Event "BW 2018 Senioren"]
[Site "Bad Woerishofen"]
[Date "2018.02.25"]
[Round "4.38"]
[White "Speicher, Franz"]
[Black "Felger, Karl"]
[Result "1/2-1/2"]
[WhiteElo "1868"]
[BlackElo "1775"]
[Annotator "chessorg"]
[PlyCount "76"]
[EventDate "2018.??.??"]
[WhiteTeam "Dicker Turm Esslingen"]
[BlackTeam "Schachmatt Schorndorf"]

1. d4 d5 2. c4 c6 3. cxd5 cxd5 4. Nc3 e6 5. Bf4 Nc6 6. e3 Bd6 7. Bxd6 Qxd6 8.
Nf3 a6 9. Rc1 f5 10. Bd3 Nf6 11. O-O O-O 12. Na4 Nb4 13. Bb1 Bd7 14. Ne5 Rac8
15. Nc5 Rc7 16. a3 Nc6 17. f4 Bc8 18. Bd3 Ne4 19. b4 Nxe5 20. fxe5 Qe7 21. Qe2
b5 22. Nb3 Bb7 23. Rxc7 Qxc7 24. Rc1 Qe7 25. Na5 Rc8 26. Rxc8+ Bxc8 27. Qc2 Bb7
28. Nxb7 Qxb7 29. a4 h6 30. axb5 axb5 31. Kf1 Qe7 32. Bxe4 fxe4 33. Qc5 Qd7 34.
h4 h5 35. Qb6 Kf7 36. Qc5 Ke8 37. Qc2 Kf8 38. Qc5+ Ke8 1/2-1/2

[Event "BW 2018 Senioren"]
[Site "Bad Woerishofen"]
[Date "2018.02.25"]
[Round "4.42"]
[White "Reichwald, Klaus"]
[Black "Rothenhagen, Siegfried"]
[Result "1/2-1/2"]
[WhiteElo "1813"]
[BlackElo "1775"]
[Annotator "chessorg"]
[PlyCount "65"]
[EventDate "2018.??.??"]
[WhiteTeam "SC Lohhof 1950 e.V."]
[BlackTeam "SF Windach"]

1. e4 d5 2. exd5 Qxd5 3. Nc3 Qd8 4. d4 Nf6 5. Nf3 Bg4 6. Be2 e6 7. a3 Be7 8.
Be3 Nbd7 9. h3 Bxf3 10. Bxf3 c6 11. O-O O-O 12. Ne2 Nb6 13. b3 Nbd5 14. Bd2 Qc7
15. c4 Nb6 16. Bf4 Qd7 17. Qc2 Rad8 18. Rad1 Qc8 19. a4 h6 20. Ng3 Bb4 21. Be5
Nbd7 22. Bf4 Rfe8 23. Qe2 Nb6 24. Be5 Nbd7 25. Bf4 Ba5 26. Ne4 Bc7 27. Nd6 Bxd6
28. Bxd6 Nb6 29. Be5 Nbd7 30. Bg3 Nf8 31. Be5 N8d7 32. Bg3 Nb6 33. Be5 1/2-1/2

[Event "BW 2018 Senioren"]
[Site "Bad Woerishofen"]
[Date "2018.02.25"]
[Round "4.43"]
[White "Thiel, Harry"]
[Black "Fitzke, Ulrich"]
[Result "0-1"]
[WhiteElo "1611"]
[BlackElo "1812"]
[Annotator "chessorg"]
[PlyCount "86"]
[EventDate "2018.??.??"]
[WhiteTeam "Schachpinguine Berlin e.V."]
[BlackTeam "SV Bau-Union e.V."]

1. e4 c5 2. Nf3 d6 3. d4 cxd4 4. Qxd4 Nc6 5. Bb5 Bd7 6. Bxc6 Bxc6 7. Nc3 Nf6 8.
Bg5 Nd7 9. Rd1 Nc5 10. Qe3 Qa5 11. O-O Ne6 12. Bh4 g6 13. Nd4 Nxd4 14. Qxd4 Rg8
15. b4 Qh5 16. Bg3 Bg7 17. e5 Bxe5 18. Bxe5 Qxe5 19. Qxe5 dxe5 20. Nd5 Rc8 21.
Rfe1 f6 22. c4 Kf7 23. c5 Bxd5 24. Rxd5 Rgd8 25. Red1 Rxd5 26. Rxd5 Ke8 27. Kf1
b6 28. a4 bxc5 29. b5 c4 30. Ke2 c3 31. Kd1 Rd8 32. Rxd8+ Kxd8 33. Kc2 Kc7 34.
a5 Kd6 35. Kxc3 Kc5 36. b6 axb6 37. a6 Kc6 38. Kb4 e4 39. Kc4 e5 40. f3 b5+ 41.
Kc3 exf3 42. gxf3 Kb6 43. Kb4 Kxa6 0-1

[Event "BW 2018 Senioren"]
[Site "Bad Woerishofen"]
[Date "2018.02.25"]
[Round "4.44"]
[White "Schuessler, Thomas G"]
[Black "Richter, Stefan"]
[Result "0-1"]
[WhiteElo "1811"]
[BlackElo "1698"]
[Annotator "chessorg"]
[PlyCount "58"]
[EventDate "2018.??.??"]
[WhiteTeam "SC 1926 Wiesloch"]
[BlackTeam "Elstertal langenberg"]

1. c4 c5 2. g3 Nc6 3. Bg2 Qc7 4. b3 d6 5. Bb2 Nf6 6. Nc3 a6 7. Nf3 e6 8. O-O
Be7 9. d4 cxd4 10. Nxd4 Nxd4 11. Qxd4 e5 12. Qd3 Be6 13. e4 h5 14. h4 Qd7 15.
f3 Bh3 16. Kh2 Bxg2 17. Kxg2 Rh6 18. Ba3 Rg6 19. Rad1 Nh7 20. Rh1 Nf8 21. Nd5
Ne6 22. Kf2 Rd8 23. Bb2 Nc5 24. Qe2 Qc6 25. Ne3 Nxe4+ 26. fxe4 Qxe4 27. Rdg1 d5
28. Qc2 Rf6+ 29. Ke2 Qf3+ 0-1

[Event "BW 2018 Senioren"]
[Site "Bad Woerishofen"]
[Date "2018.02.25"]
[Round "4.45"]
[White "Beck, Andreas"]
[Black "Hertkorn, Dieter"]
[Result "1-0"]
[WhiteElo "1802"]
[BlackElo "1547"]
[Annotator "chessorg"]
[PlyCount "63"]
[EventDate "2018.??.??"]
[WhiteTeam "TSV Germania"]
[BlackTeam "Kein Verein"]

1. Nf3 Nf6 2. g3 Nc6 3. Bg2 e5 4. d3 Be7 5. O-O d5 6. Nbd2 O-O 7. e4 Be6 8. Re1
d4 9. Nh4 Ne8 10. Nf5 Bf6 11. Nf1 Ne7 12. g4 Nxf5 13. gxf5 Bd7 14. Ng3 Bg5 15.
Qg4 Bxc1 16. Raxc1 Nf6 17. Qg5 h6 18. Qd2 c5 19. h3 a5 20. f4 Qc7 21. Ne2 Bc6
22. Bf3 Nd7 23. Kh1 Qd8 24. fxe5 Nxe5 25. Qf4 Re8 26. Rg1 f6 27. Qxh6 Qe7 28.
Bh5 Red8 29. Nf4 Be8 30. Bxe8 Rxe8 31. Ne6 g5 32. Nxg5 1-0

[Event "Schachfestival 2018 Open"]
[Site "Bad Woerishofen"]
[Date "2018.02.25"]
[Round "4.45"]
[White "Lindenmair, Anton"]
[Black "Auschkalnis, Reinhard"]
[Result "1-0"]
[WhiteElo "1993"]
[BlackElo "1755"]
[Annotator "chessorg"]
[PlyCount "47"]
[EventDate "2018.??.??"]
[WhiteTeam "DBSB"]
[BlackTeam "SC Bonn Beuel"]

1. d4 Nf6 2. c4 g6 3. Nc3 Bg7 4. e4 d6 5. f4 c5 6. d5 e6 7. Nf3 exd5 8. cxd5
O-O 9. Be2 Re8 10. Nd2 a6 11. a4 Ng4 12. Bxg4 Qh4+ 13. g3 Qxg4 14. Qxg4 Bxg4
15. O-O b6 16. Kg2 Bxc3 17. bxc3 b5 18. axb5 Be2 19. Re1 Bxb5 20. c4 Bd7 21.
Bb2 a5 22. e5 a4 23. Ne4 dxe5 24. Nf6+ 1-0

[Event "Schachfestival 2018 Open"]
[Site "Bad Woerishofen"]
[Date "2018.02.25"]
[Round "4.46"]
[White "Mattes, Heinz"]
[Black "Adiyaman, René"]
[Result "0-1"]
[WhiteElo "1915"]
[BlackElo "2046"]
[Annotator "chessorg"]
[PlyCount "58"]
[EventDate "2018.??.??"]
[WhiteTeam "Muenchner SC 1836"]
[BlackTeam "SV Welper 1922/DBSB"]

1. d4 d5 2. c4 c6 3. Nc3 Nf6 4. e3 e6 5. Qc2 Bd6 6. Nf3 Nbd7 7. Bd3 b6 8. O-O
O-O 9. b3 Bb7 10. Bb2 Rc8 11. Rfd1 Re8 12. e4 e5 13. exd5 exd4 14. Nxd4 cxd5
15. Nf5 Bb8 16. Nb5 Ne5 17. Ba3 Nxd3 18. Rxd3 Ne4 19. Rad1 Qf6 20. Rf3 Qe5 21.
g3 dxc4 22. Nbd6 Bxd6 23. Nxd6 Nxd6 24. Bxd6 Qe6 25. Re3 Qh3 26. Rxe8+ Rxe8 27.
f4 Qh5 28. Be5 Qf3 29. Rd2 Qh1+ 0-1

[Event "BW 2018 Senioren"]
[Site "Bad Woerishofen"]
[Date "2018.02.25"]
[Round "4.47"]
[White "Harke, Horst"]
[Black "Buss, Richard"]
[Result "1-0"]
[WhiteElo "1789"]
[BlackElo "1595"]
[Annotator "chessorg"]
[PlyCount "67"]
[EventDate "2018.??.??"]
[WhiteTeam "SK Varel"]
[BlackTeam "VfR Heisfelde e.V."]

1. d4 d5 2. c4 c6 3. e3 Nf6 4. Nc3 g6 5. cxd5 cxd5 6. Be2 Bg7 7. Nf3 Nc6 8. O-O
O-O 9. a3 e6 10. b4 a6 11. Bb2 b5 12. Rc1 Bb7 13. Rc2 Rc8 14. h3 Qe7 15. Nd2
Rc7 16. Nb3 Nd7 17. Bf3 Rfc8 18. Re1 Qd8 19. e4 Ne7 20. Ree2 dxe4 21. Nxe4 Rxc2
22. Rxc2 Rxc2 23. Qxc2 Qb6 24. Nbc5 Nxc5 25. dxc5 Qc7 26. Bxg7 Bxe4 27. Qxe4
Kxg7 28. Qd4+ Kg8 29. Qd3 Qa7 30. c6 Nf5 31. Qd7 Qd4 32. Qxd4 Nxd4 33. c7 Nxf3+
34. gxf3 1-0

[Event "BW 2018 Senioren"]
[Site "Bad Woerishofen"]
[Date "2018.02.25"]
[Round "4.50"]
[White "Koppenhoefer, Heinz"]
[Black "Koch, Dieter"]
[Result "0-1"]
[WhiteElo "1589"]
[BlackElo "1725"]
[Annotator "chessorg"]
[PlyCount "56"]
[EventDate "2018.??.??"]
[WhiteTeam "TSV Solln Schachabteilung"]
[BlackTeam "SC Ammersee"]

1. e4 e5 2. Nf3 Qe7 3. Bc4 c6 4. d3 d6 5. Be3 h6 6. a3 Nd7 7. h3 Ngf6 8. g4 Nb6
9. Bb3 Nh7 10. Qd2 Qf6 11. Qe2 Be7 12. Nc3 g5 13. d4 Nf8 14. dxe5 dxe5 15.
O-O-O Ng6 16. Kb1 Be6 17. Bxe6 Qxe6 18. Ne1 Nc4 19. Bc1 b5 20. Nd3 a5 21. f3
O-O 22. Qf2 b4 23. axb4 axb4 24. Na2 Rxa2 25. b3 Rfa8 26. Bb2 Nxb2 27. Kc1
Nxd3+ 28. Rxd3 Ra1+ 0-1

[Event "Schachfestival 2018 Open"]
[Site "Bad Woerishofen"]
[Date "2018.02.25"]
[Round "4.50"]
[White "Lochte, Szilvia"]
[Black "Neumueller, Theo"]
[Result "0-1"]
[WhiteElo "1892"]
[BlackElo "2026"]
[Annotator "chessorg"]
[PlyCount "52"]
[EventDate "2018.??.??"]
[WhiteTeam "SC-Starnberg"]
[BlackTeam "SK Germering e. V."]

1. d4 Nf6 2. Bf4 g6 3. Nf3 Bg7 4. e3 O-O 5. Be2 d5 6. O-O c5 7. c3 Qb6 8. Qb3
Bf5 9. dxc5 Qc6 10. Nd4 Qc8 11. Nxf5 gxf5 12. Bd3 Nc6 13. Qc2 e6 14. f3 Rd8 15.
Nd2 a5 16. e4 dxe4 17. fxe4 e5 18. Bg5 f4 19. Nf3 Qg4 20. Be2 Qe6 21. Bh4 h6
22. Nd2 Bf8 23. Bf2 Nd7 24. Bc4 Qg6 25. Bd5 Nxc5 26. Nf3 Rxd5 0-1

[Event "Schachfestival 2018 Open"]
[Site "Bad Woerishofen"]
[Date "2018.02.25"]
[Round "4.52"]
[White "Schmitzer, Peter"]
[Black "Kluegel, Jan"]
[Result "1-0"]
[WhiteElo "1971"]
[BlackElo "1846"]
[Annotator "chessorg"]
[PlyCount "71"]
[EventDate "2018.??.??"]
[WhiteTeam "SC RTA Muenchen"]
[BlackTeam "SV VHS Rendsburg"]

1. d4 d5 2. Bf4 Nf6 3. e3 c5 4. c3 Qb6 5. Qb3 c4 6. Qc2 g6 7. f3 Bf5 8. Qc1
Nbd7 9. g4 Be6 10. Nh3 h6 11. Nd2 g5 12. Bg3 h5 13. Nxg5 hxg4 14. f4 Nh5 15.
Bg2 f5 16. Nxe6 Qxe6 17. Kf2 Ndf6 18. b3 Ne4+ 19. Nxe4 fxe4 20. bxc4 dxc4 21.
Qc2 Nf6 22. Rab1 b6 23. Rb5 Qc6 24. Rhb1 O-O-O 25. a4 Qe6 26. a5 Rd5 27. axb6
Rxb5 28. Rxb5 axb6 29. Qb1 Kb7 30. Re5 Qc6 31. Rxe4 Nd5 32. Re5 e6 33. f5 Bh6
34. Bxd5 exd5 35. Re6 Qd7 36. Qxb6+ 1-0

[Event "BW 2018 Senioren"]
[Site "Bad Woerishofen"]
[Date "2018.02.25"]
[Round "4.52"]
[White "Oser, Thor"]
[Black "Grandl, Klaus"]
[Result "1-0"]
[WhiteElo "1650"]
[BlackElo "1588"]
[Annotator "chessorg"]
[PlyCount "49"]
[EventDate "2018.??.??"]
[WhiteTeam "SK 1929 Joehlingen"]
[BlackTeam "Sportfr.Windach e.V.1923"]

1. d4 d5 2. e3 Nf6 3. Bd3 Nc6 4. c3 e6 5. f4 Be7 6. Nd2 a6 7. Ngf3 Nd7 8. Ne5
Ncxe5 9. fxe5 g6 10. O-O O-O 11. e4 Nb6 12. Qg4 f6 13. exf6 Rxf6 14. Rxf6 Bxf6
15. e5 Bg7 16. Nf3 Kh8 17. b3 Qg8 18. Ba3 Nd7 19. Rf1 Nf8 20. Ng5 h6 21. Nf7+
Kh7 22. Nxh6 Bxh6 23. Bxf8 Bxf8 24. Rxf8 Qxf8 25. Qxg6+ 1-0

[Event "Schachfestival 2018 Open"]
[Site "Bad Woerishofen"]
[Date "2018.02.25"]
[Round "4.54"]
[White "Bangert, Ruediger"]
[Black "Wahl, Peter"]
[Result "1-0"]
[WhiteElo "1563"]
[BlackElo "1820"]
[Annotator "chessorg"]
[PlyCount "61"]
[EventDate "2018.??.??"]
[WhiteTeam "Ohne"]

1. d4 Nf6 2. c4 g6 3. g3 Bg7 4. Bg2 d5 5. Nc3 dxc4 6. Qa4+ c6 7. Qxc4 O-O 8. e3
Nbd7 9. Nf3 Re8 10. O-O e5 11. Rd1 exd4 12. Nxd4 Ne5 13. Qf1 Qe7 14. f4 Neg4
15. Qf3 Bf5 16. Nxf5 gxf5 17. Re1 Rad8 18. h4 Nh6 19. a3 Ne4 20. Nxe4 fxe4 21.
Qf2 f5 22. Rb1 c5 23. Bf1 a6 24. Bd2 b5 25. Ba5 Rd6 26. Rec1 Rc6 27. Qc2 Rec8
28. Bc3 Rg6 29. Kh2 Bxc3 30. Qxc3 Rd6 31. Rd1 1-0

[Event "BW 2018 Open"]
[Site "Bad Woerishofen"]
[Date "2018.02.28"]
[Round "6.2"]
[White "Ivanov, Mikhail"]
[Black "Pap, Misa"]
[Result "1/2-1/2"]
[WhiteElo "2355"]
[BlackElo "2502"]
[Annotator "chessorg"]
[PlyCount "55"]
[EventDate "2018.??.??"]
[WhiteTeam "SF Bad Mergentheim"]
[BlackTeam "SC Hansa Dortmund e.V."]

1. d4 f5 2. g3 Nf6 3. Bg2 g6 4. c3 Bg7 5. Nd2 d6 6. Nh3 e5 7. dxe5 dxe5 8. O-O
h6 9. Qb3 Nc6 10. e4 Ne7 11. exf5 Bxf5 12. Nf3 Nfd5 13. Nh4 Be6 14. Rd1 Qc8 15.
Qc2 O-O 16. Nxg6 Nxg6 17. Bxh6 Nde7 18. Bxg7 Kxg7 19. Ng5 Bg8 20. h4 Rf6 21.
Qe2 Qe8 22. h5 Nf8 23. Qxe5 Nf5 24. Qxc7+ Qe7 25. Qxe7+ Nxe7 26. Ne4 Rb6 27. b3
Bf7 28. g4 1/2-1/2

[Event "BW 2018 Open"]
[Site "Bad Woerishofen"]
[Date "2018.02.28"]
[Round "6.3"]
[White "Kraemer, Max"]
[Black "Pavlovic, Milos"]
[Result "0-1"]
[WhiteElo "2012"]
[BlackElo "2466"]
[Annotator "chessorg"]
[PlyCount "44"]
[EventDate "2018.??.??"]
[WhiteTeam "SK Caissa Augsburg"]

1. e4 c5 2. Nf3 e6 3. d3 Nc6 4. g3 d6 5. Bg2 Nf6 6. O-O Be7 7. Re1 O-O 8. Nbd2
Qc7 9. Nf1 b6 10. c3 Bb7 11. a4 Rad8 12. Bg5 Nd7 13. Rc1 Nde5 14. Bxe7 Qxe7 15.
Ne3 Ba6 16. Bf1 Qf6 17. Nh4 g5 18. d4 cxd4 19. cxd4 Nxd4 20. Ng4 Nxg4 21. Qxg4
Bxf1 22. Kxf1 Kh8 0-1

[Event "BW 2018 Open"]
[Site "Bad Woerishofen"]
[Date "2018.02.28"]
[Round "6.4"]
[White "Lalic, Bogdan"]
[Black "Cebalo, Miso"]
[Result "1/2-1/2"]
[WhiteElo "2401"]
[BlackElo "2287"]
[Annotator "chessorg"]
[PlyCount "24"]
[EventDate "2018.??.??"]

1. d4 Nf6 2. c4 g6 3. Nc3 Bg7 4. e4 d6 5. Nf3 O-O 6. Be2 c5 7. O-O cxd4 8. Nxd4
Nc6 9. Be3 Nxd4 10. Bxd4 Bd7 11. Qd2 Bc6 12. f3 a6 1/2-1/2

[Event "BW 2018 Open"]
[Site "Bad Woerishofen"]
[Date "2018.02.28"]
[Round "6.5"]
[White "Pirrot, Dieter"]
[Black "Anistratov, Dmitriy"]
[Result "1/2-1/2"]
[WhiteElo "2364"]
[BlackElo "2275"]
[Annotator "chessorg"]
[PlyCount "47"]
[EventDate "2018.??.??"]
[WhiteTeam "SV 1920 Hofheim"]
[BlackTeam "SV Jedesheim"]

1. e4 d6 2. d4 Nf6 3. Nc3 g6 4. f4 Bg7 5. Nf3 c5 6. Bb5+ Bd7 7. e5 Ng4 8. Bxd7+
Qxd7 9. d5 dxe5 10. h3 e4 11. hxg4 exf3 12. Qxf3 Na6 13. Bd2 O-O-O 14. O-O-O
Nc7 15. Be1 f5 16. gxf5 Qxf5 17. g4 Qf7 18. Bg3 h5 19. f5 hxg4 20. Qf4 Na6 21.
Nb5 Rxd5 22. Rxh8+ Bxh8 23. Rxd5 Qxd5 24. fxg6 1/2-1/2

[Event "BW 2018 Open"]
[Site "Bad Woerishofen"]
[Date "2018.02.28"]
[Round "6.6"]
[White "Karpatchev, Alexandr"]
[Black "Schaefer, Michael"]
[Result "1/2-1/2"]
[WhiteElo "2494"]
[BlackElo "2157"]
[Annotator "chessorg"]
[PlyCount "92"]
[EventDate "2018.??.??"]
[WhiteTeam "SF Bad Mergentheim"]
[BlackTeam "FB80 Moerlenbach-Birkenau"]

1. e4 c5 2. Nf3 g6 3. c3 d5 4. e5 Nc6 5. h3 Bf5 6. d4 Bxb1 7. Rxb1 cxd4 8. cxd4
e6 9. a3 Qb6 10. Bd3 Nge7 11. O-O Nf5 12. Be3 Be7 13. g4 Nxe3 14. fxe3 h5 15.
b4 hxg4 16. hxg4 O-O-O 17. Kg2 Kb8 18. Rh1 Rdg8 19. Qe2 Qd8 20. Bb5 Qb6 21.
Rbc1 Rc8 22. Bd3 Rcg8 23. Qf2 Ka8 24. Nd2 Bg5 25. b5 Nb8 26. a4 Qd8 27. Nf3 Be7
28. Qd2 Nd7 29. a5 Rxh1 30. Rxh1 Rh8 31. Rxh8 Qxh8 32. e4 Qc8 33. exd5 exd5 34.
Qf4 Qe8 35. Ng5 Bxg5 36. Qxg5 Nf8 37. Qd2 Ne6 38. Qc3 Kb8 39. Kg3 Qd8 40. Be2
Qg5 41. Qa3 Qf4+ 42. Kg2 Qxd4 43. Qe7 Qxe5 44. Qe8+ Kc7 45. Qe7+ Kc8 46. Qe8+
Kc7 1/2-1/2

[Event "BW 2018 Open"]
[Site "Bad Woerishofen"]
[Date "2018.02.28"]
[Round "6.8"]
[White "Dorst, Johannes"]
[Black "Mainka, Romuald"]
[Result "1-0"]
[WhiteElo "2227"]
[BlackElo "2411"]
[Annotator "chessorg"]
[PlyCount "75"]
[EventDate "2018.??.??"]
[WhiteTeam "SK Marburg 1931/72"]
[BlackTeam "SC Hansa Dortmund e.V."]

1. c4 e5 2. g3 Nf6 3. Bg2 h6 4. Nc3 Bb4 5. Nd5 Nxd5 6. cxd5 O-O 7. Nf3 d6 8.
O-O c6 9. d4 Re8 10. Qb3 Ba5 11. dxe5 dxe5 12. Rd1 Qf6 13. Be3 cxd5 14. Rxd5
Nc6 15. Qa4 Bc7 16. Nd2 a6 17. Ne4 Qg6 18. Nc5 Bb6 19. Rad1 Bxc5 20. Rxc5 e4
21. Bf4 f5 22. Qb3+ Kh7 23. Bh3 Re7 24. Rd6 Qh5 25. Bf1 Qe8 26. Bh3 Qh5 27. Bf1
Qe8 28. Qb6 Qf7 29. Bh3 g5 30. Rcxc6 bxc6 31. Qxc6 gxf4 32. Qxa8 Be6 33. Qxa6
e3 34. fxe3 fxg3 35. hxg3 Qf6 36. Qd3 Kg8 37. Qd4 Qg5 38. Kf2 1-0

[Event "BW 2018 Open"]
[Site "Bad Woerishofen"]
[Date "2018.02.28"]
[Round "6.9"]
[White "Heller, Achim"]
[Black "Singer, Christoph"]
[Result "1-0"]
[WhiteElo "2089"]
[BlackElo "2369"]
[Annotator "chessorg"]
[PlyCount "111"]
[EventDate "2018.??.??"]
[WhiteTeam "Ennepe Ruhr Sued"]
[BlackTeam "FC Bayern Muenchen e.V."]

1. d4 d5 2. c4 e6 3. Nc3 Be7 4. cxd5 exd5 5. Nf3 c6 6. Qc2 Nf6 7. Bg5 Nbd7 8.
e3 O-O 9. Bd3 Re8 10. O-O Nf8 11. Rab1 Ng6 12. b4 a6 13. a4 Ne4 14. Bxe7 Qxe7
15. Bxe4 dxe4 16. Nd2 Bf5 17. Ne2 Nh4 18. Ng3 Qg5 19. Rfc1 h5 20. Qd1 Bg4 21.
Qf1 Qg6 22. Kh1 Be6 23. Ne2 Bf5 24. Ng3 Be6 25. Ne2 Qh7 26. Nf4 Bf5 27. Rc5 g5
28. Ne2 Qg6 29. Rbc1 Bd7 30. Nc4 Be6 31. Ne5 Qg7 32. Ng3 f6 33. Nc4 Qg6 34. Qe2
Bg4 35. Qa2 Kh8 36. h3 Re7 37. hxg4 hxg4 38. Kg1 Rh7 39. Nd6 Rf8 40. Qe6 Qh6
41. Ndf5 Nf3+ 42. Kf1 Qh2 43. Qd6 Kg8 44. Qe6+ Kh8 45. Ne7 Nh4 46. Qxe4 Rxe7
47. Qxe7 Qxg2+ 48. Ke2 Qf3+ 49. Kd3 Kg8 50. Rxg5+ fxg5 51. Qxg5+ Kf7 52. Qxh4
Ke8 53. Ne4 Kd7 54. Rg1 Qf7 55. Qxg4+ Kd8 56. Qg7 1-0

[Event "BW 2018 Open"]
[Site "Bad Woerishofen"]
[Date "2018.02.28"]
[Round "6.10"]
[White "Schmuecker, Marcus"]
[Black "Dittmar, Peter"]
[Result "1-0"]
[WhiteElo "2211"]
[BlackElo "2298"]
[Annotator "chessorg"]
[PlyCount "69"]
[EventDate "2018.??.??"]
[WhiteTeam "SV Hemer 1932"]
[BlackTeam "SC Freibauer Moerlenbach-Birkenau"]

1. d4 Nf6 2. c4 e6 3. Nc3 Bb4 4. Qc2 Nc6 5. Nf3 d6 6. Bd2 O-O 7. a3 Bxc3 8.
Bxc3 Re8 9. Rd1 a5 10. b3 Qe7 11. e3 e5 12. d5 Nb8 13. h3 Nbd7 14. Be2 Nc5 15.
Nd2 Bd7 16. O-O g6 17. e4 Rf8 18. Rde1 Ne8 19. b4 Na4 20. Ba1 axb4 21. axb4 c5
22. dxc6 Bxc6 23. Bd3 Nc7 24. f4 f6 25. c5 dxc5 26. Qb3+ Kg7 27. fxe5 fxe5 28.
Nc4 cxb4 29. Bxe5+ Kh6 30. Bd6 Rxf1+ 31. Rxf1 Qg7 32. Ne5 Nc5 33. Nf7+ Kh5 34.
Be2+ Kh4 35. Bg3# 1-0

[Event "BW 2018 Open"]
[Site "Bad Woerishofen"]
[Date "2018.02.28"]
[Round "6.12"]
[White "Ballon, Guenther Jan"]
[Black "De Francesco, Klaus"]
[Result "1/2-1/2"]
[WhiteElo "2071"]
[BlackElo "2301"]
[Annotator "chessorg"]
[PlyCount "126"]
[EventDate "2018.??.??"]
[WhiteTeam "Caissa Amsterdam"]
[BlackTeam "SK Weilheim"]

1. d4 Nf6 2. c4 e6 3. Nf3 Bb4+ 4. Nbd2 b6 5. e3 Bb7 6. Bd3 O-O 7. O-O Bxd2 8.
Bxd2 d6 9. Bc3 Ne4 10. Be1 Nd7 11. Nd2 f5 12. Qc2 Nxd2 13. Bxd2 Qh4 14. f3 Rf6
15. Be1 Qh5 16. Bg3 e5 17. f4 e4 18. Be2 Qe8 19. b4 d5 20. Rfc1 c5 21. Qb2 cxb4
22. Qxb4 Ba6 23. Qa4 Bxc4 24. Bxc4 dxc4 25. Rxc4 a6 26. Rc7 b5 27. Qb3+ Kh8 28.
a4 bxa4 29. Qxa4 Nb6 30. Qxe8+ Rxe8 31. Ra5 Ra8 32. Be1 Kg8 33. Bb4 g6 34. d5
Rf7 35. Rc6 Rb8 36. Bd6 Rbb7 37. Be5 Rfd7 38. d6 Rb8 39. Bd4 Nc8 40. Raxa6 Kf7
41. Kf2 Ke6 42. Be5 Na7 43. Rc2 Rbd8 44. Kg3 Nb5 45. Kh4 Nxd6 46. g4 fxg4 47.
Kxg4 Kf7 48. Bxd6 Rxd6 49. Rxd6 Rxd6 50. Rc7+ Kf6 51. Rxh7 Rd2 52. Ra7 Rxh2 53.
Ra6+ Kf7 54. Ra4 Rg2+ 55. Kh3 Rg1 56. Rxe4 g5 57. f5 Kf6 58. Rg4 Rh1+ 59. Kg2
Kxf5 60. Rxg5+ Kxg5 61. Kxh1 Kf5 62. Kg2 Ke4 63. Kf2 Ke5 1/2-1/2

[Event "BW 2018 Open"]
[Site "Bad Woerishofen"]
[Date "2018.02.28"]
[Round "6.13"]
[White "Valet, Richard"]
[Black "Felgendreher, Heiko"]
[Result "1/2-1/2"]
[WhiteElo "2059"]
[BlackElo "2198"]
[Annotator "chessorg"]
[PlyCount "43"]
[EventDate "2018.??.??"]
[WhiteTeam "Greifswalder SV"]
[BlackTeam "Freibauer Moerlenbach"]

1. e4 d5 2. exd5 Qxd5 3. Nc3 Qd6 4. d4 Nf6 5. Nf3 a6 6. h3 g6 7. Bd3 Bg7 8. O-O
O-O 9. Ne4 Nxe4 10. Bxe4 Nd7 11. c3 Nf6 12. Bd3 Re8 13. Re1 b5 14. a4 Rb8 15.
Qe2 c6 16. Qe5 Be6 17. Bf4 Rbd8 18. axb5 axb5 19. Ra7 Nd5 20. Qxg7+ Kxg7 21.
Bxd6 exd6 22. Ng5 1/2-1/2

[Event "BW 2018 Open"]
[Site "Bad Woerishofen"]
[Date "2018.02.28"]
[Round "6.14"]
[White "Arndt, Stefan"]
[Black "Roemhild, Marcus"]
[Result "1-0"]
[WhiteElo "2194"]
[BlackElo "2054"]
[Annotator "chessorg"]
[PlyCount "53"]
[EventDate "2018.??.??"]
[WhiteTeam "SG Ennepe-Ruhr-Sued"]
[BlackTeam "Bielefelder SK von 1883"]

1. e4 g6 2. Nc3 Bg7 3. f4 c6 4. d4 d5 5. e5 Nh6 6. Nf3 f6 7. Be3 Qb6 8. Na4 Qd8
9. Qd2 O-O 10. c4 Ng4 11. Bg1 fxe5 12. dxe5 e6 13. h3 Nh6 14. Bc5 Re8 15. Nc3
Nd7 16. Bf2 a6 17. O-O-O b5 18. cxd5 cxd5 19. Nxd5 Bb7 20. Nc3 Bc6 21. Nd4 Bb7
22. Nxe6 Rxe6 23. Qxd7 Qxd7 24. Rxd7 Bc6 25. Ra7 Rc8 26. Rxa6 Nf7 27. Bxb5 1-0